Aircraft design projects : for engineering students (Record no. 34038)
[ view plain ]
| 000 -LEADER | |
|---|---|
| fixed length control field | 00695nam a2200169 a 4500 |
| 008 - FIXED-LENGTH DATA ELEMENTS--GENERAL INFORMATION | |
| fixed length control field | 200817s2003 ||||||||||||||||| || u |
| 020 ## - INTERNATIONAL STANDARD BOOK NUMBER | |
| International Standard Book Number | 9780750657723 |
| 050 ## - LIBRARY OF CONGRESS CALL NUMBER | |
| Classification number | TL 671.2 Jen |
| 100 ## - MAIN ENTRY--PERSONAL NAME | |
| Personal name | Marchman III, James F |
| 245 10 - TITLE STATEMENT | |
| Title | Aircraft design projects : for engineering students |
| Statement of responsibility, etc. | By Lloyd R. Jenkinson; James F. Marchman III |
| 260 ## - PUBLICATION, DISTRIBUTION, ETC. | |
| Place of publication, distribution, etc. | Oxford |
| Name of publisher, distributor, etc. | Butterwoorth-Heinemann |
| Date of publication, distribution, etc. | 2003 |
| 300 ## - PHYSICAL DESCRIPTION | |
| Extent | xx, 371 pages : illustrations |
| 350 ## - PRICE (NR) (BK AM CF MU VM SE) [OBSOLETE] | |
| Price | 56.07 |
| 650 #0 - SUBJECT ADDED ENTRY--TOPICAL TERM | |
| Topical term or geographic name entry element | AIRPLANES--DESIGN AND CONSTRUCTION |
| 700 ## - ADDED ENTRY--PERSONAL NAME | |
| Personal name | Jenkinson, Lloyd R |
| 995 ## - RECOMMENDATION 995 [LOCAL, UNIMARC FRANCE] | |
| -- | CBU-MAIN LIBRARY (Kitwe) |
| -- | 56.07 |
| -- | 1 |
| -- | AVAILABLE |
| -- | Aug 19, 2020 |
| -- | Main Library Open Access Collection |
| Withdrawn status | Lost status | Source of classification or shelving scheme | Damaged status | Not for loan | Home library | Current library | Shelving location | Date acquired | Total Checkouts | Full call number | Barcode | Date last seen | Price effective from | Koha item type |
|---|---|---|---|---|---|---|---|---|---|---|---|---|---|---|
| CBU-MAIN LIBRARY, KITWE. | CBU-MAIN LIBRARY, KITWE. | 11/30/2022 | TL 671.2 Jen | 750192 | 11/30/2022 | 11/30/2022 | MONOGRAPH |